The Art of Laziness (Record no. 12426)

MARC details
000 -LEADER
fixed length control field 00363nam a22001577a 4500
003 - CONTROL NUMBER IDENTIFIER
control field OSt
008 - FIXED-LENGTH DATA ELEMENTS--GENERAL INFORMATION
fixed length control field 240410b |||||||| |||| 00| 0 eng d
020 ## - INTERNATIONAL STANDARD BOOK NUMBER
International Standard Book Number 9798891867321
082 ## - DEWEY DECIMAL CLASSIFICATION NUMBER
Classification number 158.1
Item number LIA
100 ## - MAIN ENTRY--PERSONAL NAME
Personal name LIBRARY, Mindset Pub
245 ## - TITLE STATEMENT
Title The Art of Laziness
250 ## - EDITION STATEMENT
Edition statement 1st Ed
260 ## - PUBLICATION, DISTRIBUTION, ETC. (IMPRINT)
Name of publisher, distributor, etc Library Mindset Pub
Date of publication, distribution, etc 2023
300 ## - PHYSICAL DESCRIPTION
Extent 110
942 ## - ADDED ENTRY ELEMENTS (KOHA)
Source of classification or shelving scheme Dewey Decimal Classification
Koha item type Text Books
Holdings
Withdrawn status Lost status Source of classification or shelving scheme Damaged status Not for loan Collection code Home library Current library Date acquired Source of acquisition Currency Cost, normal purchase price Bill Number Total Checkouts Full call number Acc. no. / Barcode Date last seen Actual Cost, discounted price Bill Date Koha item type Date last borrowed Public note
    Dewey Decimal Classification     GENERAL PIET C-LIBRARY PIET C-LIBRARY 22/03/2024 Zafaa Books and Distributors In rupees 199.00 ZBD0410   158.1 LIA 35706 10/04/2024 189.05 08/03/2024 Reference Books    
    Dewey Decimal Classification     GENERAL PIET C-LIBRARY PIET C-LIBRARY 22/03/2024 Zafaa Books and Distributors In rupees 199.00 ZBD0410 2 158.1 LIA 35707 27/10/2025 189.05 08/03/2024 Text Books 08/10/2025  
    Dewey Decimal Classification     GENERAL PIET C-LIBRARY PIET C-LIBRARY 11/01/2026 Midland the Book Shop In rupees 399.00 5417 1 158.1 LIA 39856 13/04/2026 320.00 11/01/2026 Text Books 30/03/2026 Decentrilization

Design & Developed by: PIET Central Library
R70 Miles Stone Pattikalyana Samalkha Panipat 132102
mail ID :- [email protected], Phone No:- 0180-2569700 Ex.216